000 00285nam a2200109Ia 4500
008 220216s9999 xx 000 0 und d
100 _aNehru C R
245 0 _aHighlights on the diseases and pests of rubber
260 _bRubber Board Bulletin
_c1982-83
300 _a6-May
942 _cJS
999 _c60423
_d60423